Overwatch 2 - Ultimate Voice Lines - Statistics

General Stats
  • This quiz has been taken 41 times
    10 since last reset
  • The average score is 36 of 110
Answer Stats
Character Heard by Ultimate Voice Line % Correct
Enemy/Self Hammer down!
88%
Enemy/Self I've got you in my sights!
88%
Enemy Meeeeeooooowww!!!
88%
Jetpack Cat Self/Allies Meoweoweew!!!
88%
Enemy/Self Meteor strike!
88%
Enemy/Self Molten core!
88%
Enemy/Self Bob! Do somethin'!
75%
Enemy/Self Die... die... die...
75%
Enemy/Self It's high noon.
75%
Enemy/Self Justice rains from above!
75%
Enemy/Self Nerf this!
75%
Enemy/Self Suffer as I have!
75%
Enemy/Self ¡Apagando las luces! (Turning off the lights!)
63%
Enemy/Self 冻住!不许走! (Freeze! Don't move!)
63%
Enemy/Self ਮੇਰੇ ਮੁਤਾਬਿਕ ਚੱਲੋ! (Serve my design!)
63%
Enemy/Self Fire in the hole!
63%
Mei Allies Freeze! Don't move!
63%
Doomfist Allies Incoming!
63%
Widowmaker Allies No one can hide from my sight.
63%
Enemy/Self Personne n'échappe à mon regard. (No one can hide from my sight.)
63%
Winston All *roar*
63%
Domina Allies Serve my design!
63%
Enemy/Self Tear it down!
63%
Genji Allies The dragon becomes me!
63%
Sigma Allies What is that melody?
63%
Enemy ชีวิตปกป้องชีวิต! (Life protects life!)
50%
Zenyatta Self/Allies Experience tranquility.
50%
Enemy Helden sterben nicht! (Heroes never die!)
50%
Mercy Self/Allies Heroes never die!
50%
Enemy/Self *laughter*
50%
Kiriko Self/Allies Let the Kitsune guide you!
50%
Lifeweaver Self/Allies Life protects life!
50%
Wrecking Ball Allies Minefield deployed.
50%
Enemy Pass into the Iris.
50%
Brigitte Self/Allies Rally to me!
50%
Soldier: 76 Allies Tactical Visor activated.
50%
Enemy/Self Time for the reckoning!
50%
Self/Target You're powered up, get in there.
50%
Enemy/Self Area denied.
38%
Enemy/Self Огонь по готовности! (Fire at will!)
38%
Sombra Allies EMP activated.
38%
Enemy/Self Excavation initiation!
38%
Zarya Allies Fire at will!
38%
Enemy Géill do mo thoil! (Surrender to my will!)
38%
Ashe Allies Get in there, Bob.
38%
Mizuki Self/Allies Protect us, kekkai!
38%
Anran (Vermillion Revival) Allies Rising from the ashes!
38%
Moira Self/Allies Surrender to my will!
38%
Juno Self/Allies Welcome to orbit!
38%
D.Va Allies Activating self-destruct sequence!
25%
Enemy 力挽狂澜! (Reverse the tide!)
25%
Reaper Allies Clearing the area.
25%
Enemy/Self Etsi ja tuhoa. (Search and destroy.)
25%
Illari Self/Allies Face the sunrise!
25%
Enemy/Self Het universum zingt voor mij! (The universe sings for me!)
25%
Freja Allies Hunting them down!
25%
Sojourn Allies It's GO time!
25%
Junker Queen Allies Let's take 'em to the Wasteland!
25%
Hanzo Allies Let the dragon consume you!
25%
Baptiste Self/Allies Light them up!
25%
Lúcio Self/Allies Oh, let's break it down!
25%
Symmetra Allies Reality bends to my will!
25%
Wuyang Self/Allies Reverse the tide!
25%
Ramattra Allies Rip them to pieces!
25%
Emre Allies Search and destroy.
25%
Enemy/Self This ends now!
25%
Roadhog Allies Unloading scrap.
25%
Mauga Allies We got them where we want them!
25%
Enemy Alla till mig! (Everyone to me!)
13%
Hazard Allies Bringing the rain!
13%
Enemy 呪いを断ち切れ! (Sever the curse!)
13%
Enemy/Self 竜神の剣を喰らえ! (Take the blade of the Dragon God!)
13%
Echo Allies Duplication initiated!
13%
Reinhardt Allies For the Crusaders!
13%
Junkrat Allies Ladies and gentlemen, start your engines!
13%
Enemy Locking satellite vector!
13%
Orisa Allies Meet your fate!
13%
Enemy/Self (Rare) Molten floor!
13%
Ana Allies Nano Boost administered.
13%
Enemy/Self Nu vanker der! (I'll hunt you down!)
13%
Enemy/Self Pàdé ayanmọ rẹ! (Meet your fate!)
13%
Venture Allies Plotting out the dig site!
13%
Pharah Allies Rocket Barrage incoming!
13%
Anran (Vermillion Ascent) Allies Scorch the sky!
13%
Torbjörn Allies Setting out the welcome mat!
13%
Cassidy Allies Step right up.
13%
Enemy Vamos esculachar! (Let's show these guys up!)
13%
Enemy/Self Adaptive circuits engaged!
0%
Enemy/Self Arriva la punizione! (Here comes your punishment!)
0%
Tracer Enemy/Self Bomb's tickin'!
0%
Enemy/Self 火羽焚天! (Flaming feathers scorch the sky!)
0%
Enemy 狐の鉤爪を解き放て! (O' fox spirit unleash your claws!)
0%
Enemy (Male Target) !وريهم قوتَك (Show them your strength!)
0%
Enemy (Female Target) !وريهم قوتِك (Show them your strength)
0%
Enemy/Self 竜が我が敵を喰らう! (The dragon consumes my enemies!)
0%
Enemy/Self 朱雀展翅! (The Vermillion Bird spreads its wings!)
0%
Enemy/Self यही परम वास्तविकता है! (This is the ultimate reality!)
0%
Enemy/Self Catch!
0%
Enemy/Self *giggles* Thought of you!
0%
Enemy/Self Here goes nothin'!
0%
Enemy Inti lluqsimun! (The sun rises!)
0%
Bastion All (musical beeps)
0%
Enemy/Self Present for ya!
0%
Vendetta Allies Retribution comes!
0%
Enemy/Self Se se'i koikiiki! (Come on, stay a while longer!)
0%
Enemy/Self Special delivery!
0%
Target The tide is with you! Dive in!
0%
Enemy/Self Time to drop the bomb.
0%
Enemy Vide bal sou yo! (Rain bullets on them!)
0%
Enemy/Self Winging it!
0%
No matching quizzes found
Score Distribution
Percent of People with Each Score
Percentile by Number Answered
Your Score History
You have not taken this quiz since the last reset